01017nam a2200277Ia 450000500170000000800410001702000180005810000330007624500930010925000370020230000480023965000480028765000510033565000360038665000390042265000370046170000440049894200150054226400330055733600270059033700330061733800280065004000350067808400110071399900150072420220317001413.0161108s2011 spaa g 000 0 spa  a97884937902571 aIribarren, Karmelo C.d1959-10aVersos que el viento arrastracKarmelo C. Iribarren ; ilustraciones de Cristina Müller a1a. ediciónb2a. reimpresión a66 páginasbilustraciones en colorc19 cm142LEMBaPoesía juvenil españolaySiglo XX142LEMBaLiteratura juvenil española ySiglo XX142LEMBaParques en la literatura 142LEMBaBicicletas en la literatura 142LEMB aHoteles en la literatura 1 aMüller-Karger Pereda, Cristina972372 2loccBKLIT aMadridbEl jinete azulc2011 atextobtxt2rdacontent asin mediaciónbn2rdamedia avolumenbnc2rdacarrier aCO-BoRNBPbspaerdacCO-BoRNBP aP IRI4 c6878d6878